Carregando...
The world's religions/
| Autor principal: | |
|---|---|
| Formato: | Printed Book |
| Publicado em: |
New Delhi:
Cambridge,
1998.
|
| Assuntos: |
| LEADER | 00473nam a22001451a 4500 | ||
|---|---|---|---|
| 020 | |a 9780521637480 | ||
| 082 | |a 200 |b NIN/W | ||
| 100 | |a Ninian Smart |9 127580 | ||
| 245 | |a The world's religions/ |c by Ninian Smart. | ||
| 260 | |a New Delhi: |b Cambridge, |c 1998. | ||
| 300 | |a 608p. | ||
| 650 | |a Religion |9 127581 | ||
| 942 | |c BK | ||
| 999 | |c 51425 |d 51425 | ||
| 952 | |0 0 |1 0 |4 0 |6 200_000000000000000_NIN_W |7 0 |9 74818 |a SSUS |b SSUS |d 2015-01-08 |g 1468.32 |o 200 NIN/W |p 010755 |r 2016-10-06 |v 0.00 |w 2015-01-08 |y BK | ||